<?xml version="1.0" encoding="UTF-8"?>
<record
    xmlns:xsi="http://www.w3.org/2001/XMLSchema-instance"
    xsi:schemaLocation="http://www.loc.gov/MARC21/slim http://www.loc.gov/standards/marcxml/schema/MARC21slim.xsd"
    xmlns="http://www.loc.gov/MARC21/slim">

  <leader>01004nam a2200325 a 4500</leader>
  <controlfield tag="003">AR-BaBNM</controlfield>
  <controlfield tag="005">20251128205743.0</controlfield>
  <controlfield tag="008">082120s2002    ||||||||||||||000 | spa||</controlfield>
  <datafield tag="020" ind1=" " ind2=" ">
    <subfield code="a">84-7112-312-6</subfield>
  </datafield>
  <datafield tag="040" ind1=" " ind2=" ">
    <subfield code="c">AR-BaBNM</subfield>
  </datafield>
  <datafield tag="100" ind1="1" ind2=" ">
    <subfield code="a">Zimmermann, D.</subfield>
  </datafield>
  <datafield tag="245" ind1="0" ind2="0">
    <subfield code="a">Observaci&#xF3;n y comunicaci&#xF3;n no verbal en la escuela infantil</subfield>
  </datafield>
  <datafield tag="250" ind1=" " ind2=" ">
    <subfield code="a">2&#xAA; ed.</subfield>
  </datafield>
  <datafield tag="260" ind1=" " ind2=" ">
    <subfield code="a">Madrid</subfield>
    <subfield code="b">Ediciones Morata</subfield>
    <subfield code="c">1992</subfield>
  </datafield>
  <datafield tag="300" ind1=" " ind2=" ">
    <subfield code="a">159 p.</subfield>
    <subfield code="b">gr&#xE1;fs.</subfield>
  </datafield>
  <datafield tag="490" ind1=" " ind2="0">
    <subfield code="a">Pedagog&#xED;a. Educaci&#xF3;n infantil y primaria</subfield>
    <subfield code="v">v. 1</subfield>
  </datafield>
  <datafield tag="500" ind1=" " ind2=" ">
    <subfield code="a">Notas y referencias bibliogr&#xE1;ficas a pie de p&#xE1;gina</subfield>
  </datafield>
  <datafield tag="504" ind1=" " ind2=" ">
    <subfield code="a">Bibliograf&#xED;a para la edici&#xF3;n espa&#xF1;ola: p. 159</subfield>
  </datafield>
  <datafield tag="650" ind1=" " ind2="4">
    <subfield code="a">EDUCACION DEL NI&#xD1;O</subfield>
  </datafield>
  <datafield tag="650" ind1=" " ind2="4">
    <subfield code="a">COMUNICACION NO VERBAL</subfield>
  </datafield>
  <datafield tag="650" ind1=" " ind2="4">
    <subfield code="a">COMUNICACION INTERPERSONAL</subfield>
  </datafield>
  <datafield tag="650" ind1=" " ind2="4">
    <subfield code="a">INVESTIGACION EN LA COMUNICACION</subfield>
  </datafield>
  <datafield tag="650" ind1=" " ind2="4">
    <subfield code="a">OBSERVACION</subfield>
  </datafield>
  <datafield tag="651" ind1=" " ind2="4">
    <subfield code="a">Francia</subfield>
  </datafield>
  <datafield tag="653" ind1=" " ind2=" ">
    <subfield code="a">INVESTIGACION EDUCATIVA</subfield>
  </datafield>
  <datafield tag="653" ind1=" " ind2=" ">
    <subfield code="a">EDUCACION INICIAL</subfield>
  </datafield>
  <datafield tag="700" ind1="1" ind2=" ">
    <subfield code="a">Solana, Guillermo</subfield>
    <subfield code="e">traductor</subfield>
  </datafield>
  <datafield tag="942" ind1=" " ind2=" ">
    <subfield code="c">BK</subfield>
  </datafield>
  <datafield tag="998" ind1=" " ind2=" ">
    <subfield code="c">arturo</subfield>
  </datafield>
  <datafield tag="999" ind1=" " ind2=" ">
    <subfield code="c">12682</subfield>
    <subfield code="d">12682</subfield>
  </datafield>
  <datafield tag="952" ind1=" " ind2=" ">
    <subfield code="0">0</subfield>
    <subfield code="1">0</subfield>
    <subfield code="2">ddc</subfield>
    <subfield code="4">0</subfield>
    <subfield code="7">0</subfield>
    <subfield code="a">LPL</subfield>
    <subfield code="b">LPL</subfield>
    <subfield code="d">2025-11-28</subfield>
    <subfield code="l">0</subfield>
    <subfield code="o">372.3 ZIM</subfield>
    <subfield code="p">112782</subfield>
    <subfield code="r">2025-11-28 20:57:43</subfield>
    <subfield code="w">2025-11-28</subfield>
    <subfield code="y">BK</subfield>
  </datafield>
  <datafield tag="952" ind1=" " ind2=" ">
    <subfield code="0">0</subfield>
    <subfield code="1">0</subfield>
    <subfield code="2">ddc</subfield>
    <subfield code="4">0</subfield>
    <subfield code="7">0</subfield>
    <subfield code="a">LPL</subfield>
    <subfield code="b">LPL</subfield>
    <subfield code="d">2025-11-28</subfield>
    <subfield code="l">0</subfield>
    <subfield code="o">372.3 ZIM</subfield>
    <subfield code="p">112941</subfield>
    <subfield code="r">2025-11-28 20:57:43</subfield>
    <subfield code="w">2025-11-28</subfield>
    <subfield code="y">BK</subfield>
  </datafield>
  <datafield tag="952" ind1=" " ind2=" ">
    <subfield code="0">0</subfield>
    <subfield code="1">0</subfield>
    <subfield code="2">ddc</subfield>
    <subfield code="4">0</subfield>
    <subfield code="7">0</subfield>
    <subfield code="a">LPL</subfield>
    <subfield code="b">LPL</subfield>
    <subfield code="d">2025-11-28</subfield>
    <subfield code="l">0</subfield>
    <subfield code="o">372.3 ZIM</subfield>
    <subfield code="p">113875</subfield>
    <subfield code="r">2025-11-28 20:57:43</subfield>
    <subfield code="w">2025-11-28</subfield>
    <subfield code="y">BK</subfield>
  </datafield>
</record>
